Metacognition as scaffolding for the development of listening comprehension in a social MALL App (Record no. 185121)

MARC details
000 -CABECERA
campo de control de longitud fija 02948nab a2200289 a 4500
005 - FECHA Y HORA DE LA ÚLTIMA TRANSACCIÓN
campo de control 20210219162914.0
008 - ELEMENTOS DE LONGITUD FIJA--INFORMACIÓN GENERAL
campo de control de longitud fija 991125s1985 mx 000 0 spa u
035 ## - NÚMERO DE CONTROL DEL SISTEMA
Número de control de sistema UPN01000213021
049 ## - COLECCIÓN
Colección ART
100 1# - ASIENTO PRINCIPAL--NOMBRE PERSONAL
Nombre de persona Read, Timothy
100 1# - ASIENTO PRINCIPAL--NOMBRE PERSONAL
Filiación tread@lsi.uned.es
100 1# - ASIENTO PRINCIPAL--NOMBRE PERSONAL
Nombre de persona Barcena Madera, Elena
100 1# - ASIENTO PRINCIPAL--NOMBRE PERSONAL
Filiación mbarcena@flog.uned.es
222 #0 - TÍTULO CLAVE
Título clave RIED : REVISTA IBEROAMERICANA DE EDUCACION A DISTANCIA
245 00 - MENCIÓN DE TÍTULO
Título Metacognition as scaffolding for the development of listening comprehension in a social MALL App
260 ## - PUBLICACIÓN, DISTRIBUCIÓN, ETC.
Lugar de publicación, distribución, etc. Loja, Ecuador
300 ## - DESCRIPCIÓN FÍSICA
Extensión 103-120
362 0# - FECHAS DE PUBLICACIÓN Y/O DESIGNACIÓN SECUENCIAL
Fecha de publicación y/o designación secuencial 2016 Volumen 19, número 1, enero
520 3# - NOTA DE RESUMEN, ETC.
Sumario, etc. Este artículo trata acerca de la función que puede desempeñar eficazmente la metacognición en el desarrollo de la comprensión oral de segundas lenguas y, específicamente, cómo se puede crear una app móvil con este fin. Se presenta como prototipo una app de aprendizaje social asistido por móvil, de nombre ANT (Instructor de Noticias de Audio), con el fin de explorar el modo en que se puede asistir a los estudiantes para que empleen su capacidad metacognitiva y mejoren competencias lingüístico-comunicativas relevantes. Se ha llevado a cabo un estudio con estudiantes usando ANT para explorar la compleja naturaleza del proceso de desarrollo de la comprensión oral y las principales estrategias metacognitivas que pueden aplicarse satisfactoriamente. Se presta especial atención a las estrategias metacognitivas aplicadas implícita y explícitamente en la app y la red social relacionada, donde se realizan actividades subsiguientemente, siendo las estrategias en cuestión: foco (un esfuerzo consciente en el desarrollo gradual de habilidades individuales), compromiso (el interés crece cuando se disfruta y realiza con éxito una actividad), reflexión (sobre lo que funciona y no funciona para cada individuo), auto-regulación (a través de datos sobre el progreso y logros de los propios estudiantes) y actitud (en la que se aprecia una subdivisión entre la satisfacción, la confianza en uno mismo y el estímulo). Se exploran las etapas de compromiso de un estudiante con la app y como pueden contribuir al conjunto del éxito de la experiencia de aprendizaje. Finalmente, se realiza una reflexión sobre cómo las estrategias metacognitivas ofrecen un modo eficaz de compensar la falta de la presencia, el apoyo y la guía del profesor, a medio y largo plazo. Sin embargo, aunque el estudio del uso inicial de esta app para el desarrollo social de la comprensión auditiva muestra su potencial para incorporar "conocimiento sobre conocimiento"
653 0# - TERMINO DE INDIZACION - NO CONTROLADO
Término no controlado ESTRATEGIAS METACOGNITIVAS
653 0# - TERMINO DE INDIZACION - NO CONTROLADO
Término no controlado APLICACIONES MOVILES
653 0# - TERMINO DE INDIZACION - NO CONTROLADO
Término no controlado LENGUA EXTRANJERA
653 0# - TERMINO DE INDIZACION - NO CONTROLADO
Término no controlado COMPRENSION ORAL
856 4# - LOCALIZACIÓN Y ACCESO ELECTRÓNICOS
Identificador Uniforme del Recurso <a href="http://revistas.uned.es/index.php/ried/article/view/14835/13570">http://revistas.uned.es/index.php/ried/article/view/14835/13570</a>
856 4# - LOCALIZACIÓN Y ACCESO ELECTRÓNICOS
Identificador Uniforme del Recurso <a href="http://ried.utpl.edu.ec/sites/default/files/files/RIED%2019%20completo.pdf">http://ried.utpl.edu.ec/sites/default/files/files/RIED%2019%20completo.pdf</a>
905 ## - TIPO DE MATERIAL
Tipo de material Articulo

No items available.